000 00977nam a2200253Ia 4500
003 OSt
005 20220918105436.0
006 a|||||r|||| 00| 0
007 ta
008 220915b |||||||| |||| 00| 0 hin d
024 _a94,192
037 _cReference Collections
040 _aARTS
_cARTS
_bhin
041 _2hin
_ahin
082 _aR693, 152L2;L9.1-.3(RR)
100 _aसिद्धान्त - शास्त्री, बालचन्द्र, संपा.
_91394
245 0 _aजैन - लक्षणावली
_b जैन पारिभाषिक शब्द - कोश
246 _aJain - lakṣhaṇāvalī: jain pāribhāṣhik shabda - kosha
260 _c1972
300 _a730पृ0
490 _vभाग 1
942 _hR693, 152L2;L9.1-.3(RR)
_cREF
999 _c107269
_d107269